<?xml version="1.0" encoding="UTF-8"?>
<record
    xmlns:xsi="http://www.w3.org/2001/XMLSchema-instance"
    xsi:schemaLocation="http://www.loc.gov/MARC21/slim http://www.loc.gov/standards/marcxml/schema/MARC21slim.xsd"
    xmlns="http://www.loc.gov/MARC21/slim">

  <leader>01691nam a22002774aa4500</leader>
  <controlfield tag="003">BOFEUTO</controlfield>
  <controlfield tag="005">20240430174203.0</controlfield>
  <controlfield tag="008">240426t2023    bo     gr     000 f spa d</controlfield>
  <datafield tag="040" ind1=" " ind2=" ">
    <subfield code="6">BOFEUTO</subfield>
    <subfield code="a">BOFEUTO</subfield>
    <subfield code="c">BOFEUTO</subfield>
  </datafield>
  <datafield tag="041" ind1=" " ind2=" ">
    <subfield code="a">spa</subfield>
  </datafield>
  <datafield tag="044" ind1=" " ind2=" ">
    <subfield code="a">bo</subfield>
  </datafield>
  <datafield tag="082" ind1=" " ind2=" ">
    <subfield code="a">TE5436</subfield>
    <subfield code="b">Ar658a</subfield>
  </datafield>
  <datafield tag="100" ind1=" " ind2=" ">
    <subfield code="a">Arandia Ventura, Fernando Junior</subfield>
    <subfield code="e">autor</subfield>
  </datafield>
  <datafield tag="245" ind1=" " ind2=" ">
    <subfield code="a">An&#xE1;lisi en marketing digital para mejorar la presencia de la empresa Droguer&#xED;a Inti S.A. sucursal Oruro en la plataforma Facebook gesti&#xF3;n 2023 /</subfield>
    <subfield code="c">Fernando Junior Arandia Ventura</subfield>
  </datafield>
  <datafield tag="260" ind1=" " ind2=" ">
    <subfield code="a">Oruro :</subfield>
    <subfield code="b">s/n,</subfield>
    <subfield code="c">2023.</subfield>
  </datafield>
  <datafield tag="300" ind1=" " ind2=" ">
    <subfield code="a">75 hojas :</subfield>
    <subfield code="b">fig. ;</subfield>
    <subfield code="c">28.5 cm.</subfield>
  </datafield>
  <datafield tag="500" ind1=" " ind2=" ">
    <subfield code="a">Incluye bibliograf&#xED;a, anexos.</subfield>
  </datafield>
  <datafield tag="502" ind1=" " ind2=" ">
    <subfield code="a">Proyecto de Grado Doble titulaci&#xF3;n V -- (Licenciatura) Universidad T&#xE9;cnica de Oruro, Facultad de Ciencias Econ&#xF3;micas Financieras y Administrativas, Carrera Administraci&#xF3;n de Empresas, 2023.</subfield>
  </datafield>
  <datafield tag="520" ind1=" " ind2=" ">
    <subfield code="a">El objetivo de la investigaci&#xF3;n del siguiente proyecto, es analizar el marketing digital con el fin de mejorar la presencia de la empresa Droguer&#xED;a INTI S.A. sucursal Oruro en la plataforma Facebook gesti&#xF3;n 2023. En la actualidad estar inmersos en el mundo de las redes sociales genera presencia activa de las organizaciones o empresas aun cuando estas est&#xE9;n en el anonimato, sin embargo de acuerdo a los resultados obtenidos al comprobar la hip&#xF3;tesis y la muestra calculada, se&#xF1;ala que hacer uso de la plataforma Facebook genera m&#xE1;s oportunidades de crecimiento de mercado a la empresa Droguer&#xED;a INTI S.A.</subfield>
  </datafield>
  <datafield tag="650" ind1=" " ind2=" ">
    <subfield code="a">Administraci&#xF3;n</subfield>
  </datafield>
  <datafield tag="653" ind1=" " ind2=" ">
    <subfield code="a">Marketing digital</subfield>
  </datafield>
  <datafield tag="653" ind1=" " ind2=" ">
    <subfield code="a">Social media</subfield>
  </datafield>
  <datafield tag="653" ind1=" " ind2=" ">
    <subfield code="a">Redes sociales</subfield>
  </datafield>
  <datafield tag="700" ind1=" " ind2=" ">
    <subfield code="a">Sandy Tapia, Ver&#xF3;nica</subfield>
    <subfield code="e">tutor</subfield>
  </datafield>
  <datafield tag="942" ind1=" " ind2=" ">
    <subfield code="2">ddc</subfield>
    <subfield code="c">TE</subfield>
    <subfield code="n">0</subfield>
  </datafield>
  <datafield tag="999" ind1=" " ind2=" ">
    <subfield code="c">15115</subfield>
    <subfield code="d">15115</subfield>
  </datafield>
  <datafield tag="952" ind1=" " ind2=" ">
    <subfield code="0">0</subfield>
    <subfield code="1">0</subfield>
    <subfield code="2">ddc</subfield>
    <subfield code="4">0</subfield>
    <subfield code="7">0</subfield>
    <subfield code="a">UTO</subfield>
    <subfield code="b">UTO</subfield>
    <subfield code="c">4</subfield>
    <subfield code="d">2024-04-26</subfield>
    <subfield code="i">5436</subfield>
    <subfield code="l">3</subfield>
    <subfield code="o">TE5436/Ar658a</subfield>
    <subfield code="p">TE5436</subfield>
    <subfield code="r">2025-05-30 15:06:42</subfield>
    <subfield code="s">2025-05-30</subfield>
    <subfield code="t">Ej. 1</subfield>
    <subfield code="w">2024-04-30</subfield>
    <subfield code="y">TE</subfield>
  </datafield>
</record>
